000 00502 a2200193 4500
001 148724
003 OSt
005 20211011130745.0
008
082 _a519.3
_bC97C
100 1 _aCuriel, Imma
245 1 _aCooperative game theory and applications
_cby Imma Curiel
260 _aBoston
_bKluwer Academic Publishers
_c1997
300 _a190p.
653 _aGame theory
653 _aCombinatorial optimization
653 _aEconomics
942 _2ddc
_cBK
999 _c13580
_d13580